Illustrated changes of the 1990 NEC

Bibliographic Details
Main Author: Stallcup, James G
Format: Book
Published: Illinois : American Technical Publishers , 1989
Subjects:

MARC

LEADER 00000cam a2200000 7i4500
001 0000005174
002 000005588
005 20000330.0
020 |a 0826915280 
090 0 0 |a 621.319240218   |b STA 
100 1 |a Stallcup, James G 
245 1 0 |a Illustrated changes of the 1990 NEC   |c James G.Stallcup 
260 |a Illinois :   |b American Technical Publishers ,   |c 1989 
300 |a 175p. ;   |c 23cm. 
650 0 0 |a Electric engineering   |x Insurance requirements 
999 |a 037613   |b BUKU   |c PINJAMAN   |e PERPUSTAKAAN KOMUNITI PETALING JAYA 
999 |a 037614   |b BUKU   |c PINJAMAN   |e PERPUSTAKAAN KOMUNITI PETALING JAYA